Bí quyết kinh doanh để trở thành người giàu có và hạnh phúc

Sách đề ra những nguyên lý thiết yếu, những chứng minh cụ thể, đã được các nhà tỷ phú áp dụng và đạt kết quả, bên cạnh đó là những cách làm mang tính thực hành mà các nhà doanh nghiệp có thể sử dụng như một thứ cẩm nang...

Deskribapen osoa

Gorde:
Xehetasun bibliografikoak
Egile nagusia: Hill, Napoleon
Formatua: Liburua
Hizkuntza:Undetermined
Argitaratua: Hà Nội Thống Kê 2001
Gaiak:
Etiketak: Etiketa erantsi
Etiketarik gabe, Izan zaitez lehena erregistro honi etiketa jartzen!
Thư viện lưu trữ: Trung tâm Học liệu Trường Đại học Cần Thơ
LEADER 00935nam a2200205Ia 4500
001 CTU_43697
008 210402s9999 xx 000 0 und d
020 |c 26000 
082 |a 658.47 
082 |b H647 
100 |a Hill, Napoleon 
245 0 |a Bí quyết kinh doanh để trở thành người giàu có và hạnh phúc 
245 0 |c Napoleon Hill 
260 |a Hà Nội 
260 |b Thống Kê 
260 |c 2001 
520 |a Sách đề ra những nguyên lý thiết yếu, những chứng minh cụ thể, đã được các nhà tỷ phú áp dụng và đạt kết quả, bên cạnh đó là những cách làm mang tính thực hành mà các nhà doanh nghiệp có thể sử dụng như một thứ cẩm nang 
650 |a Business intelligence 
904 |i Minh, 011003 
980 |a Trung tâm Học liệu Trường Đại học Cần Thơ